| 000 | 00825pam a2200265 a 4500 | ||
|---|---|---|---|
| 001 | 015790937 | ||
| 003 | Uk | ||
| 005 | 20130206113318.0 | ||
| 008 | 110407s2012 maua b 001 0 eng|d | ||
| 020 | _a0132756234 (pbk.) | ||
| 020 | _a9780132756235 (pbk.) | ||
| 082 | 0 | 4 |
_a610.730721 _222 _bNIE |
| 100 | 1 |
_aNieswiadomy, Rose Marie. _932420 |
|
| 245 | 1 | 0 |
_aFoundations of Nursing Research / _cRose Marie Nieswiadomy. |
| 250 | _a6th ed. | ||
| 260 |
_aBoston, [Mass.] : _bPearson, _cc2012. |
||
| 300 |
_axv, 336 p. : _bcol. ill. ; _c26 cm. |
||
| 500 | _a"International edition"--Cover. | ||
| 500 | _aPrevious ed.: 2008. | ||
| 500 |
_aFormerly CIP. _5Uk |
||
| 504 | _aIncludes bibliographical references and index. | ||
| 650 | 0 |
_aNursing _xResearch _xMethodology. _928914 |
|
| 653 |
_bNUR _cFebruary2013 |
||
| 942 |
_2ddc _cNRB |
||
| 999 |
_c17240 _d17212 |
||